000 01330nam a22002777a 4500
005 2010091802302.0
008 100915t xxu||||| |||| 00| 0 hin d
010 _aHIN-90540
020 _c500.00
_a9789380190549
035 _aHN-62886
037 _bDBAD / PUB
040 _aDPL
_bHN
082 _a181.4
100 _920178
_aशुक्ला, संजय कुमार
245 _aदार्शनिक चिंतन के विविध आयाम /
_cसंजय कुमार शुक्ला एवं सुचेता शुक्ला
246 _aDarshanik chintan kevividh ayam
_bby sanjay kumar shukala evm sucheta shukala
260 _aनई दिल्ली
_bसत्यम पब्लिशिंग हाउस
_c2010
270 _aएन-3/25ए, मोहन गार्डन
_bनई दिल्ली
_e110059
_k011 25358642
300 _a237पृ.
_c22सेमी (सजिल्द)
650 _91159
700 _920179
_aशुक्ला, सुचेता
700 _920333
700 _920540
942 _2ddc
_cHN
_mशुक्लासं
_h181.4
999 _c47467
_d47467